South Atlantic Triangle /

El conjunto de relaciones económicas, políticas y militares entre Sudáfrica, el Cono Sur (incluido Brasil) y los Estados Unidos es lo que se denomina el Triángulo del Atlántico Sur. NACLA en este informe se encarga de analizar los vínculos que unen a estas naciones, las circunstancias que hacen fact...

وصف كامل

محفوظ في:
التفاصيل البيبلوغرافية
المؤلف الرئيسي: Horowitz, Paul
مؤلفون آخرون: Sklar, Holly
التنسيق: نص
الموضوعات:
الوسوم: إضافة وسم
لا توجد وسوم, كن أول من يضع وسما على هذه التسجيلة!

MARC

LEADER 00000 a a2200000 04500
001 9833
003
040
100 |a Horowitz, Paul  
245 |a South Atlantic Triangle /  |c Paul Horowitz ; Holly Sklar 
520 |a El conjunto de relaciones económicas, políticas y militares entre Sudáfrica, el Cono Sur (incluido Brasil) y los Estados Unidos es lo que se denomina el Triángulo del Atlántico Sur. NACLA en este informe se encarga de analizar los vínculos que unen a estas naciones, las circunstancias que hacen factible su fusión y los intereses específicos de los Estados Unidos en la zona, a la cual considera dentro de sus límites geopolíticos, pero propensa a la influencia soviética. ABB/mb  
650 |a ALIANZAS  
650 |a RELACIONES INTERNACIONALES  
650 |a IMPERIALISMO  
650 |a RELACIONES ECONOMICAS INTERNACIONALES  
650 |a RELACIONES MULTILATERALES  
650 |a INTEGRACION REGIONAL  
700 |a Sklar, Holly  
773 |g volumen 16, número 3; páginas 2-43  
999 |c 35269  |d 35269